| 000 -CABECERA |
| Longitud fija campo de control |
01308ngm a22002657a 4500 |
| 003 - IDENTIFICADOR DEL NÚMERO DE CONTROL |
| Identificador del número de control |
OSt |
| 005 - FECHA Y HORA DE LA ÚLTIMA TRANSACCIÓN |
| Fecha y hora de la última transacción |
20231031132506.0 |
| 008 - CÓDIGOS DE INFORMACIÓN DE LONGITUD FIJA |
| Códigos de información de longitud fija |
160325s2005 spc||| | || v|cat|d |
| 040 ## - FUENTE DE LA CATALOGACIÓN |
| Lengua de catalogación |
cat |
| Centro transcriptor |
CDMR |
| 130 0# - PUNTO DE ACCESO PRINCIPAL-TÍTULO UNIFORME |
| Título uniforme |
Dies de transició (Programa de televisió). |
| Subencabezamiento de forma |
Seleccions |
| 245 14 - MENCIÓN DE TÍTULO |
| Título |
El 'Cas Huertas' i la lluita per la llibertat d'expressió |
| Medio |
[Enregistrament de vídeo] |
| Mención de responsabilidad, etc. |
[producció]: Televisió de Catalunya ; guió i realització: Fúlvia Nicolàs, Joan Pavia ; direcció: Francesc Escribano |
| 260 ## - PUBLICACIÓN, DISTRIBUCIÓN, ETC. (PIE DE IMPRENTA) |
| Lugar de publicación, distribución, etc. |
[Barcelona] : |
| Nombre del editor, distribuidor, etc. |
Televisió de Catalunya : |
| -- |
Enciclopèdia Catalana : |
| -- |
El Periódico de Catalunya, |
| Fecha de publicación, distribución, etc. |
DL 2005 |
| 300 ## - DESCRIPCIÓN FÍSICA |
| Extensión |
1 videodisc (DVD) (35 min) : |
| Otras características físicas |
col. (Pal) |
| 500 ## - NOTA GENERAL |
| Nota general |
Producció: Ruth Casanovas, Toni Galobardes ; fotografia: Walter Ojeda ; documentació i recerca: Núria Borniquel, Núria Roca |
| 500 ## - NOTA GENERAL |
| Nota general |
País i any de producció: Catalunya, 2004 |
| 600 17 - PUNTO DE ACCESO ADICIONAL DE MATERIA - NOMBRE DE PERSONA |
| 9 (RLIN) |
28 |
| Nombre de persona |
Huertas, Josep Maria |
| Fechas asociadas al nombre |
1939-2007 |
| Forma desarrollada del nombre |
(Josep Maria), |
| 650 #0 - PUNTO DE ACCESO ADICIONAL DE MATERIA - TÉRMINO DE MATERIA |
| Término de materia o nombre geográfico como elemento inicial |
Llibertat d'expressió |
| Subdivisión geográfica |
Catalunya |
| Subdivisión cronológica |
S. XX |
| 9 (RLIN) |
3073 |
| 650 04 - PUNTO DE ACCESO ADICIONAL DE MATERIA - TÉRMINO DE MATERIA |
| Término de materia o nombre geográfico como elemento inicial |
Presos polítics |
| Subdivisión geográfica |
Catalunya |
| Subdivisión cronológica |
1975-1977 |
| 651 #4 - PUNTO DE ACCESO ADICIONAL DE MATERIA - NOMBRE GEOGRÁFICO |
| Nombre geográfico |
Espanya |
| Subdivisión de materia general |
Història |
| Subdivisión cronológica |
1975-1977, Transició a la democràcia |
| 655 #4 - TÉRMINO DE INDIZACIÓN - GÉNERO/FORMA |
| Datos o término principal de género/forma |
Programes històrics (Televisió) |
| Subdivisión geográfica |
Catalunya |
| 700 1# - PUNTO DE ACCESO ADICIONAL - NOMBRE DE PERSONA |
| Nombre de persona |
Escribano, Francesc, |
| 700 1# - PUNTO DE ACCESO ADICIONAL - NOMBRE DE PERSONA |
| Nombre de persona |
Pavia, Joan |
| 700 1# - PUNTO DE ACCESO ADICIONAL - NOMBRE DE PERSONA |
| Nombre de persona |
Nicolàs, Fúlvia |
| 942 ## - ENTRADA DE ELEMENTOS AGREGADOS (KOHA) |
| Koha [por defecto] tipo de item |
Materials audiovisuals |
| Fuente de clasificaión o esquema |
|